|
|
|
|
| LEADER |
01065nam a22002777a 4500 |
| 001 |
40981 |
| 003 |
BD-DhAAL |
| 005 |
20241212120316.0 |
| 008 |
230306t2022 ii ||||| |||| 00| 0 eng d |
| 020 |
|
|
|a 9788175993075
|
| 040 |
|
|
|a BD-DhAAL
|
| 082 |
|
|
|a 320.1
|2 23
|
| 100 |
|
|
|a Machiaveli, Niccolo
|9 53800
|
| 245 |
|
|
|a The Prince /
|c Niccolò Machiavelli; Translated by W.K. Marriott
|
| 260 |
|
|
|a India :
|b Prakash books,
|c 2022 [Reprint].
|
| 300 |
|
|
|a 185 pages ;
|c 19 cm.
|
| 526 |
|
|
|a Refugee Studies Unit (RSU), CPJ
|
| 541 |
|
|
|a Book Finder International
|e 40981
|
| 650 |
|
|
|a Political ethics
|y Early works to 1800.
|9 53801
|
| 650 |
|
|
|a Political leadership
|x Philosophy.
|9 53802
|
| 650 |
|
|
|a Politics Philosophy.
|9 53820
|
| 700 |
|
|
|a Marriott, W.K.
|9 53815
|
| 852 |
|
|
|a Centre for Peace and Justice (CPJ)
|c Refugee Studies Unit (RSU)
|
| 942 |
|
|
|2 ddc
|c BK
|
| 999 |
|
|
|c 45149
|d 45149
|
| 952 |
|
|
|0 0
|1 0
|2 ddc
|4 0
|6 320_100000000000000_MAC
|7 0
|9 73306
|a CPJ
|b CPJ
|c RSU
|d 2023-02-28
|e Book Finder International
|g 247.75
|l 0
|o 320.1 MAC
|p 3030040981
|r 2023-02-28
|t 1
|v 247.75
|w 2023-02-28
|y BK
|